Benjamin's sale of goods. (Record no. 4297)

MARC details
000 -LEADER
fixed length control field 00823cam a22002412 4500
001 - CONTROL NUMBER
control field 0000021389
005 - DATE AND TIME OF LATEST TRANSACTION
control field 20151217145935.0
008 - FIXED-LENGTH DATA ELEMENTS--GENERAL INFORMATION
fixed length control field 120420s xx 000 0 eng d
020 ## - INTERNATIONAL STANDARD BOOK NUMBER
International Standard Book Number 1847038623 :
040 ## - CATALOGING SOURCE
Original cataloging agency KABU
Transcribing agency KABU
100 1# - MAIN ENTRY--PERSONAL NAME
Personal name Benjamin, Judah Philip.
-- 0000182211
245 10 - TITLE STATEMENT
Title Benjamin's sale of goods.
250 ## - EDITION STATEMENT
Edition statement 8th ed. /
Remainder of edition statement M. Bridge, general editor.
260 ## - PUBLICATION, DISTRIBUTION, ETC. (IMPRINT)
Place of publication, distribution, etc. London :
Name of publisher, distributor, etc. Sweet & Maxwell,
Date of publication, distribution, etc. 2010.
300 ## - PHYSICAL DESCRIPTION
Extent cclxxvi,2576 p.
650 #0 - SUBJECT ADDED ENTRY--TOPICAL TERM
Topical term or geographic name as entry element Sales
Geographic subdivision Great Britain.
-- 0000158670
852 1# - LOCATION
-- p56,772 KES
852 1# - LOCATION
-- p56,772 KES
852 1# - LOCATION
-- p56,772 KES
852 1# - LOCATION
-- p56,772 KES
908 ## - PUT COMMAND PARAMETER (RLIN)
Put command parameter 120420
950 ## - LOCAL HOLDINGS (RLIN)
-- 1
Holdings
Withdrawn status Lost status Source of classification or shelving scheme Not for loan Home library Current library Date acquired Total Checkouts Full call number Barcode Date last seen Price effective from Koha item type Date last checked out Total Renewals Damaged status
    Library of Congress Classification   Kabarak, Main Campus Kabarak, Main Campus 17/12/2015   KD1650 .B46 2010 c.1 20950 17/12/2015 17/12/2015 General Collection      
    Library of Congress Classification   Kabarak, Main Campus Kabarak, Main Campus 17/12/2015   KD1650 .B46 2010 c.3 20948 17/12/2015 17/12/2015 General Collection      
    Library of Congress Classification   Kabarak, Main Campus Kabarak, Main Campus 17/12/2015 1 KD1650 .B46 2010 c.4 20949 23/11/2019 17/12/2015 General Collection 20/11/2019    
    Library of Congress Classification   Kabarak, Main Campus Kabarak, Main Campus 17/12/2015   KD1650 .B46 2010 c.2 20951 17/12/2015 17/12/2015 General Collection      
    Library of Congress Classification   Kabarak, Main Campus Kabarak, Main Campus 17/12/2015 2 KD1650 .B46 2010 c.5 20919 02/07/2019 17/12/2015 General Collection 15/06/2019    
    Library of Congress Classification   Kabarak, Main Campus Kabarak, Main Campus 17/12/2015 2 KD1650 .B46 2014 C.1 021578 21/11/2019 17/12/2015 General Collection 12/11/2019    
    Library of Congress Classification   Kabarak, Main Campus Kabarak, Main Campus 17/12/2015 1 KD1650 .B46 2014 C.2 021574 16/07/2018 17/12/2015 General Collection 09/06/2018    
    Library of Congress Classification   Kabarak, Main Campus Kabarak, Main Campus 17/12/2015 3 KD1650 .B46 2014 C.3 021575 11/07/2018 17/12/2015 General Collection 04/07/2018    
    Library of Congress Classification   Kabarak, Main Campus Kabarak, Main Campus 17/12/2015   KD1650 .B46 2014 C.5 021580 17/12/2015 17/12/2015 General Collection      
    Library of Congress Classification   Kabarak, Main Campus Kabarak, Main Campus 17/12/2015   KD1650 .B46 2014 C.6 021581 17/12/2015 17/12/2015 General Collection      
    Library of Congress Classification   Kabarak, Main Campus Kabarak, Main Campus 17/12/2015   KD1650 .B46 2014 C.7 021572 17/12/2015 17/12/2015 General Collection      
    Library of Congress Classification   Kabarak, Main Campus Kabarak, Main Campus 17/12/2015 3 KD1650 .B46 2014 C.8 021579 25/06/2018 17/12/2015 General Collection 09/06/2018 2  
    Library of Congress Classification   Kabarak, Main Campus Kabarak, Main Campus 17/12/2015 3 KD1650 .B46 2014 C.9 021573 18/03/2022 17/12/2015 General Collection 27/02/2022    
  Lost Library of Congress Classification   Kabarak, Main Campus Kabarak, Main Campus 17/12/2015 1 KD1650 .B46 2014 C.10 021577 15/06/2017 17/12/2015 General Collection 15/06/2017    
    Library of Congress Classification   Kabarak, Main Campus Kabarak, Main Campus 17/12/2015   KD1650 .B46 2014 C.4 021576 17/12/2015 17/12/2015 General Collection      
Designed with assistance from East African Informatics Ltd